| 000 | 01491nam0a22002891 4500 | ||
|---|---|---|---|
| 001 | rc\3983234 | ||
| 005 | 20260407093617.0 | ||
| 021 |
_aRU _b[56-48388] |
||
| 035 | _a(NLR Aleph) 008062539 | ||
| 090 |
_a9011952 _c9011952 |
||
| 100 | _a20130415d1956 |||y0rusy50 ca | ||
| 101 | 0 | _arus | |
| 102 | _aRU | ||
| 105 | _aa z ||||| | ||
| 200 | 1 |
_aРуководство по методам разведки и подсчету запасов золоторудных месторождений _f[Отв. ред. Г.П. Воларович] _gМ-во цв. металлургии СССР. Науч.-исслед. горно-развед. ин-т НИГРИЗолото |
|
| 210 |
_aМосква _cОтд. техн. информации НИГРИЗолото _d1956 |
||
| 215 |
_a456 с., 27 л. схем. _cсхем. _d25 |
||
| 320 | _aБиблиогр.: с. 451-452 | ||
| 606 |
_aЗолоторудные месторождения _xПодсчет и классификация запасов _2psbo |
||
| 606 |
_aЗолоторудные месторождения _xПоиски и разведка _2psbo |
||
| 702 | 1 |
_aВоларович _bГ.П. _gГеоргий Павлович _4340 |
|
| 712 | 0 | 2 |
_aЦентральный научно-исследовательский горно-разведочный институт _cМосква _3RU\NLR\AUTH\889917189 _9330550 |
| 801 | 0 |
_aRU _bNLR _gpsbo |
|
| 801 | 1 |
_aRU _bELAR _2rusmarc |
|
| 852 |
_aNLR _jГн02 Г-7/264 |
||
| 942 | _cBOOK | ||
| 980 | _aNB | ||